Elemental cost applications in facility management. (Record no. 60509)
[ view plain ]
| 000 -LEADER | |
|---|---|
| fixed length control field | 00796cam a2200193 4500 |
| 001 - CONTROL NUMBER | |
| control field | ABS60854 |
| 008 - FIXED-LENGTH DATA ELEMENTS--GENERAL INFORMATION | |
| fixed length control field | 000000n1999 000 0 eng u |
| 035 ## - SYSTEM CONTROL NUMBER | |
| System control number | (Sirsi) u101365 |
| 100 ## - MAIN ENTRY--PERSONAL NAME | |
| Personal name | Brook, R. |
| 245 ## - TITLE STATEMENT | |
| Title | Elemental cost applications in facility management. |
| 260 ## - PUBLICATION, DISTRIBUTION, ETC. | |
| Date of publication, distribution, etc. | 1999 |
| 490 ## - SERIES STATEMENT | |
| Series statement | Construction Economist |
| Volume/sequential designation | 9(2) June 1999, 9-11(3) |
| 520 ## - SUMMARY, ETC. | |
| Summary, etc. | Reviews the role which elemental cost analysis can play in technical audits (TAs) and reserve fund studies (RFSs) for facilities management applications. Offers definitions of TAs and RFSs, and sets out a model of elemental cost analysis in an institutional environment. |
| 650 ## - SUBJECT ADDED ENTRY--TOPICAL TERM | |
| Topical term or geographic name entry element | ELEMENTAL COST ANALYSIS |
| 650 ## - SUBJECT ADDED ENTRY--TOPICAL TERM | |
| Topical term or geographic name entry element | FACILITIES MANAGEMENT |
| 9 (RLIN) | 6240 |
| 650 ## - SUBJECT ADDED ENTRY--TOPICAL TERM | |
| Topical term or geographic name entry element | BUDGETING |
| 690 ## - LOCAL SUBJECT ADDED ENTRY--TOPICAL TERM (OCLC, RLIN) | |
| Topical term or geographic name as entry element | Quantity surveying |
| 9 (RLIN) | 6263 |
| 942 ## - ADDED ENTRY ELEMENTS (KOHA) | |
| Suppress in OPAC | 0 |
| Withdrawn status | Lost status | Source of classification or shelving scheme | Damaged status | Not for loan | Home library | Current library | Shelving location | Date acquired | Total Checkouts | Full call number | Barcode | Date last seen | Copy number | Price effective from | Koha item type |
|---|---|---|---|---|---|---|---|---|---|---|---|---|---|---|---|
| Dewey Decimal Classification | London | London | Journal article | 04/11/1999 | ABS60854 | 101365-1001 | 06/08/2019 | 1 | 06/08/2019 | Journal article |